| 000 | 00457nam a2200205Ia 4500 | ||
|---|---|---|---|
| 001 | 12768 | ||
| 003 | GE_BSU | ||
| 008 | 181216s||||||||xx |||||||||||||| ||und|| | ||
| 020 | _a0751506761 | ||
| 040 | _cGE_BSU | ||
| 080 | _a821.111-32 | ||
| 100 | _aKellerman,Jonathan. | ||
| 245 | _aWhen the Bough Breaks. | ||
| 260 | _aLondon. | ||
| 260 | _bWarner Books. | ||
| 260 | _c1985 | ||
| 300 | _a412p.18cm. | ||
| 653 | _aWhen the Bough Breaks. | ||
| 942 | _cBK | ||
| 999 |
_c45939 _d45939 |
||